000 00243nam a2200097 a 4500
005 20200930075806.0
008 120120s1979 000 spa d
245 0 _aThe peaceful unification of korea.
260 _aKorea,
_c1979.
999 _c36036
_d36036
040 _aDO-SdBNP